| Tag |
First Indicator |
Second Indicator |
Subfields |
| LEADER |
00000cam a2200000 a 4500 |
| 001 |
in00000080819 |
| 005 |
20151008054105.0 |
| 008 |
811009r1980 njua b 00000 eng |
| 010 |
|
|
|a 79091733
|
| 020 |
|
|
|a 0916622169
|
| 035 |
|
|
|a (OCoLC)07136923
|
| 035 |
|
|
|9 AAH9602AM
|
| 039 |
0 |
|
|a 2
|b 3
|c 3
|d 3
|e 3
|
| 040 |
|
|
|a DLC
|c DLC
|d TXA
|d UtOrBLW
|
| 049 |
|
|
|a TXAM
|c [1441899]
|
| 050 |
0 |
0 |
|a RC1235
|b .S77 1980
|
| 082 |
0 |
|
|a 612/.044
|2 19
|
| 245 |
0 |
0 |
|a Structural and physiological aspects of exercise and sport /
|c Warren R. Johnson, E.R. Buskirk, editors.
|
| 264 |
|
1 |
|a Princeton, N.J. :
|b Princeton Book Co.,
|c [1980]
|
| 264 |
|
4 |
|c ©1980
|
| 300 |
|
|
|a 283 pages :
|b illustrations ;
|c 27 cm.
|
| 336 |
|
|
|a text
|b txt
|2 rdacontent
|
| 337 |
|
|
|a unmediated
|b n
|2 rdamedia
|
| 338 |
|
|
|a volume
|b nc
|2 rdacarrier
|
| 500 |
|
|
|a "Originally published as parts one and two of Science and medicine of exercise and sport, second edition."--Title page verso.
|
| 504 |
|
|
|a Includes bibliographies.
|
| 650 |
|
0 |
|a Sports
|x Physiological aspects.
|
| 650 |
|
0 |
|a Exercise
|x Physiological aspects.
|
| 700 |
1 |
|
|a Johnson, Warren Russell,
|d 1921-
|
| 700 |
1 |
|
|a Buskirk, E. R.
|q (Elsworth R.)
|
| 730 |
0 |
|
|a Science and medicine of exercise and sport.
|f 1980.
|
| 999 |
|
|
|a MARS
|
| 999 |
f |
f |
|s 71a4bb4e-1bfb-3c41-8cd4-ce3e7d253165
|i a5e6a3d6-f34e-3d41-b8c8-606d022d4b04
|t 0
|
| 952 |
f |
f |
|p ric
|a Texas A&M University
|b Rellis Campus
|c Joint Library Facility
|d Remote Storage
|t 0
|e RC1235 .S77 1980
|h Library of Congress classification
|i unmediated -- volume
|m A14806231313
|
| 998 |
f |
f |
|a RC1235 .S77 1980
|t 0
|l Remote Storage
|